Statistics for U.S. States with Letter Y

Click here to take the quiz!

General Stats

  • This quiz has been taken 20,498 times
    (20,493 since last reset)
  • The average score is 5 of 6

Answer Stats

State % Correct
New York
91%
Wyoming
90%
Kentucky
78%
New Jersey
73%
Pennsylvania
69%
Maryland
68%

Score Distribution

Percentile by Number Answered

Percent of People with Each Score

Your Score History

You have not taken this quiz since the last reset